| Tag |
First Indicator |
Second Indicator |
Subfields |
| LEADER |
00000cam a2200000 i 4500 |
| 001 |
in00004010321 |
| 006 |
m o d f |
| 007 |
cr ||||||||||| |
| 008 |
180810s2018 dcu ob f000 0 eng c |
| 005 |
20230719191004.6 |
| 035 |
|
|
|a (OCoLC)on1048356596
|
| 040 |
|
|
|a GPO
|b eng
|e rda
|e pn
|c GPO
|d GPO
|d MvI
|
| 042 |
|
|
|a pcc
|
| 043 |
|
|
|a n-us---
|
| 049 |
|
|
|a WWW
|
| 050 |
|
4 |
|a KF27
|b .S3935 2017d
|
| 074 |
|
|
|a 1025-A-03 (online)
|
| 086 |
0 |
|
|a Y 4.SCI 2:115-50
|
| 088 |
|
|
|a Serial no. 115-50 (United States. Congress. House. Committee on Science, Space, and Technology (2011- ))
|
| 110 |
1 |
|
|a United States.
|b Congress.
|b House.
|b Committee on Science, Space, and Technology (2011- ).
|b Subcommittee on Energy,
|0 https://id.loc.gov/authorities/names/no2013085747
|e author.
|
| 245 |
1 |
4 |
|a The future of U.S. fusion energy research :
|b hearing before the Subcommittee on Energy, Committee on Science, Space, and Technology, House of Representatives, One Hundred Fifteenth Congress, second session, March 6, 2018.
|
| 246 |
3 |
|
|a Future of US fusion energy research
|
| 246 |
3 |
|
|a Future of United States fusion energy research
|
| 264 |
|
1 |
|a Washington :
|b U.S. Government Publishing Office,
|c 2018.
|
| 300 |
|
|
|a 1 online resource (iii, 91 pages) :
|b illustrations
|
| 336 |
|
|
|a text
|b txt
|2 rdacontent
|
| 337 |
|
|
|a computer
|b c
|2 rdamedia
|
| 338 |
|
|
|a online resource
|b cr
|2 rdacarrier
|
| 588 |
|
|
|a Description based on online resource; title from PDF title page (Govinfo website, viewed Aug. 2, 2018).
|
| 500 |
|
|
|a "Serial no. 115-50."
|
| 500 |
|
|
|a GPO Cataloging Record Distribution Program (CRDP).
|
| 504 |
|
|
|a Includes bibliographical references.
|
| 650 |
|
0 |
|a Fusion reactors
|x Research
|z United States.
|
| 650 |
|
0 |
|a Nuclear fusion
|x Research
|z United States.
|
| 655 |
|
7 |
|a Legislative hearings.
|2 lcgft
|0 https://id.loc.gov/authorities/genreForms/gf2013025047
|
| 776 |
0 |
8 |
|i Microfiche version:
|a United States. Congress. House. Committee on Science, Space, and Technology (2011- ). Subcommittee on Energy.
|t Future of U.S. fusion energy research
|w (OCoLC)1083549417
|
| 776 |
0 |
8 |
|i Print version:
|a United States. Congress. House. Committee on Science, Space, and Technology (2011- ). Subcommittee on Energy.
|t Future of U.S. fusion energy research
|w (OCoLC)1048457832
|
| 856 |
4 |
0 |
|u https://purl.fdlp.gov/GPO/gpo107084
|t 0
|
| 999 |
f |
f |
|s aa0bcf21-c3b7-3fd2-a00f-5aebfffb54c5
|i 7c46ca51-4eff-3484-8471-4be6b76a7702
|t 0
|
| 952 |
f |
f |
|a Texas A&M University
|b College Station
|c Electronic Resources
|d Available Online
|t 0
|e Y 4.SCI 2:115-50
|h Superintendent of Documents classification
|
| 998 |
f |
f |
|a Y 4.SCI 2:115-50
|t 0
|l Available Online
|